Учебник французского языка: для 1 курса институтов и факультетов иностранных языков

Podrobná bibliografie
Hlavní autor: Попова И. Н. Ирина Николаевна
Další autoři: Казакова Ж. А. Жоржета Александровна, Кашинская Н. А. Нина Алексеевна
Jazyk:francouzština
ruština
Vydáno: Москва, Высшая школа, 1978
Vydání:6-е изд., испр.
Témata:
Médium: Kniha
KOHA link:https://koha.lib.tpu.ru/cgi-bin/koha/opac-detail.pl?biblionumber=370177

MARC

LEADER 00000nam0a2200000 4500
001 370177
005 20231102012245.0
035 |a (RuTPU)RU\TPU\retro\27585 
090 |a 370177 
100 |a 20220621d1978 m y0rusy50 ca 
101 0 |a fre  |a rus 
102 |a RU 
105 |a y j 001zy 
200 1 |a Учебник французского языка  |e для 1 курса институтов и факультетов иностранных языков  |f И. Н. Попова, Ж. А. Казакова, Н. А. Кашинская 
205 |a 6-е изд., испр. 
210 |a Москва  |c Высшая школа  |d 1978 
215 |a 349 с. 
320 |a Указ.: с. 430-431 
510 1 |a Manuel de Francais  |z fre 
606 1 |a Французский язык  |x Учебные руководства и пособия для вузов  |2 stltpush  |3 (RuTPU)RU\TPU\subj\16836  |9 42736 
610 1 |a лексика 
610 1 |a грамматика 
610 1 |a разговорная речь 
610 1 |a упражнения 
686 |a Ш147.11-923  |v LBC/SL-A  |2 rubbk 
700 1 |a Попова  |b И. Н.  |g Ирина Николаевна 
701 1 |a Казакова  |b Ж. А.  |g Жоржета Александровна 
701 1 |a Кашинская  |b Н. А.  |g Нина Алексеевна 
801 1 |a RU  |b 63413507  |c 20220621 
801 2 |a RU  |b 63413507  |c 20230623  |g RCR 
942 |c BK